| 000 | 00690nam a22002297a 4500 | ||
|---|---|---|---|
| 001 | 76376 | ||
| 003 | BD-RjUL | ||
| 005 | 20211209082831.0 | ||
| 008 | 191128s2019 bg ||||| |||| 00| p mul d | ||
| 020 | _a9789849399490 | ||
| 035 | _a(BD-RjUL)76597 | ||
| 040 |
_aBD-RjUL _beng _cBD-RjUL |
||
| 041 | _aeng | ||
| 082 |
_223 _a891.441 _bBAM 2019 |
||
| 100 |
_aবণিক, বিথীকা _9119781 |
||
| 245 |
_aমা / _cবিথীকা বণিক |
||
| 260 |
_aঢাকা : _bমহাকাল, _c২০১৯ |
||
| 300 |
_a৬৩ পৃ. ; _c২২ সেমি. |
||
| 650 |
_aBengali poetry _9235710 |
||
| 650 |
_aবাংলা কবিতা _9235711 |
||
| 942 |
_2ddc _cBK |
||
| 999 |
_c76376 _d76376 |
||